| 000 | 00449nam a2200157Ia 4500 | ||
|---|---|---|---|
| 008 | 210716s2005 xx 000 0 und d | ||
| 020 | _a0131400851 | ||
| 041 | _aeng | ||
| 082 | _a006.312 MILT | ||
| 100 | _aMiller, Thomas W. | ||
| 245 |
_aData and text mining: a business applications approach. _bBusiness applications approach. |
||
| 250 | _a1 | ||
| 260 |
_aNew Jersey _bPrentice Hall _c2005 |
||
| 300 | _axiii,178 | ||
| 650 | _aData Warehousing | ||
| 999 |
_c206444 _d206444 |
||